000 00318nam a2200109Ia 4500
100 _aKumar A.S.S.
245 4 _aThe Karnataka State Universities Act, 2000 (KK Act No. 29 of 2001)
264 _bSun publishing House
_a Bangalore
300 _a222
942 _cIR
999 _c120780
_d120780